000 00227nam a22000857a 4500
008 160713b xxu||||| |||| 00| 0 eng d
100 _92754
_a Schuller, R.H
245 _aReach out for New Life
260 _aN.Y
_b Hawt Horn Books
_c1977
999 _c2390
_d2390